000 00982nam a2200253 a 4500
001 61941
003 BD-RjUL
005 20211209081024.0
008 170122s1989 bg a|||| |||| 00| 0 ben d
020 _c: TK 70.00
035 _a(BD-RjUL)62066
040 _aBD-RjUL
_bben
_cBD-RjUL
041 _aben
082 _223
_a495.609
_bKAJ 1989
100 _aকাওয়ারাজাকি, মিকিও
_9184351
245 1 0 _aজাপানি লিপির ভূমিকা /
_cমিকিও কাওয়ারাজাকি
260 _aঢাকা :
_bবাংলা একাডেমী,
_c১৯৮৯
300 _aখণ্ড. :
_bচিত্র ;
_c২৩ সেমি.
505 _aখণ্ড ১, কানা লিপি --
650 _aজাপানী ভাষা
_9170329
650 _aJapanese Language
_9184352
700 _aকাসুইয়া, হিরোকা, অনুবাদ
_9173214
942 _2ddc
_cBK
999 _c61941
_d61941